Einstein, profeta y hereje

Saved in:
Bibliografiske detaljer
Hovedforfatter: Navarro Veguillas, Luis (autor)
Format: Bog
Sprog:spansk
Udgivet: Barcelona Tusquets 1990
Serier:Metatemas, 21
Fag:
Tags: Tilføj Tag
Ingen Tags, Vær først til at tagge denne postø!

MARC

LEADER 00000nam a2200000 a 4500
001 UCW1099
003 CL-VaPUC
008 910513e19900000SP |||||||||||||||||spa|d
082 0 4 |a 530.133  |b NAV  |2 21 
100 |a Navarro Veguillas, Luis  |e autor  |9 305023 
245 1 0 |a Einstein, profeta y hereje 
300 |a 208 p 
942 |c BK 
945 |d 19910513 00:00:00 
260 |a Barcelona  |b Tusquets  |c 1990 
600 0 |a Einstein, Albert   |e autor  |9 266229 
650 0 |a Mecánica estadística  |9 261055 
650 0 |a Termodinámica   |9 259320 
650 7 |a MOVIMIENTO BROWNIANO  |2 CL-VaPUC  |9 270488 
650 7 |a ESTADISTICA CUANTICA  |2 CL-VaPUC  |9 270489 
650 7 |a MECANICA ONDULATORIA  |2 CL-VaPUC  |9 270490 
650 0 |a Teoría cuántica  |9 266148 
583 |a last modification  |c 19910513 00:00:00  |k Rodrigo Vera 
490 0 |a Metatemas, 21 
999 |c 216063  |d 216061 
952 |0 0  |1 0  |4 0  |6 530_133000000000000_NAV_1990  |7 0  |8 A  |9 201482  |a BIBCUR  |b BIBCUR  |d 2019-11-14  |i 2687097  |o 530.133 NAV 1990  |p 2687097  |r 2025-04-22  |w 2019-11-14  |y BK  |k FIS